Microsoft Word 2000 thực hành và ứng dụng từ căn bản đến chuyên sâu /
Sách sẽ hướng dẫn bạn đọc qua các chức năng và công việc thường dùng nhất của chương trình xử lý văn bản nổi tiếng của Microsoft. Đây là cuốn sách đáng tin cậy để bạn đọc yên tâm đặt cạnh máy tính và sử dụng hàng ngày.
Đã lưu trong:
| Príomhúdar: | |
|---|---|
| Údair Eile: | , |
| Formáid: | Leabhar |
| Teanga: | Vietnamese |
| Foilsithe: |
Hà Nội :
Giáo dục,
1999.
|
| Ábhair: | |
| Clibeanna: |
Cuir Clib Leis
Gan Chlibeanna, Bí ar an gcéad duine leis an taifead seo a chlibeáil!
|
| Thư viện lưu trữ: | Mạng thư viện Đại học Đà Nẵng |
|---|
| LEADER | 01602cam a22003851a 4500 | ||
|---|---|---|---|
| 001 | 000035603 | ||
| 003 | 11890 | ||
| 005 | 20210317094617.0 | ||
| 008 | 160318s1999 vm 000 vie | ||
| 020 | |c 104000 | ||
| 040 | |a lnn |c lnn |d lnn | ||
| 041 | 0 | |a vie | |
| 082 | 1 | 4 | |a 005.3 |b NG-T |
| 100 | 1 | |a Nguyễn Tiến. | |
| 245 | 0 | 0 | |a Microsoft Word 2000 thực hành và ứng dụng từ căn bản đến chuyên sâu / |c Nguyễn Tiến, Đặng Xuân Hường, Nguyễn Văn Hoài. |
| 260 | |a Hà Nội : |b Giáo dục, |c 1999. | ||
| 300 | |a 944tr. ; |c 24cm. | ||
| 520 | 3 | |a Sách sẽ hướng dẫn bạn đọc qua các chức năng và công việc thường dùng nhất của chương trình xử lý văn bản nổi tiếng của Microsoft. Đây là cuốn sách đáng tin cậy để bạn đọc yên tâm đặt cạnh máy tính và sử dụng hàng ngày. | |
| 630 | 0 | 4 | |a Tin học. |
| 630 | 0 | 4 | |a Microsoft Word. |
| 630 | 0 | 4 | |a Computer programs. |
| 650 | 0 | 4 | |a Microsoft Word (Chương trình máy tính) |
| 700 | 1 | |a Nguyễn Văn Hoài. | |
| 700 | 1 | |a Đặng Xuân Hường. | |
| OWN | |a LNN | ||
| 902 | |a TKA | ||
| AVA | |a UDN50 |b LNN |c English |d 005.3 NG-T |e available |t Error 5001 Not defined in file expand_doc_bib_avail. |f 1 |g 0 |h N |i 0 |j AN |k 1 | ||
| 999 | |a From the UDN01 | ||
| AVA | |a UDN50 |b LNN |c English |d 005.3 NG-T |e available |t Error 5001 Not defined in file expand_doc_bib_avail. |f 1 |g 0 |h N |i 0 |j AN |k 1 | ||
| TYP | |a Monograph | ||
| TYP | |a Printed language | ||
| 980 | |a Mạng thư viện Đại học Đà Nẵng | ||